00592 a2200157 4500003000500000038000600005082001000011100004000021245010200061260008100163300003400244500005300278563000600331700004000337856005700377NUST aa aBEE-4 aAbdullah Intekhab and Furqan Naseer aGesture based object control [project report BEE-4]cAbdullah Intekhab and Furqan NaseerhEnglish aIslamabadbNUST School of Electrical Engineering and Computer Sciencec2011. a72p.b;ill.c:27cm. +eCD-ROM aSupervisors: Kamran Zaidi and Shamyl Bin Mansoor aa aAbdullah Intekhab and Furqan Naseer uhttp://10.250.8.41:8080/xmlui/handle/123456789/10680